Loading...
| History - American | 1 | 4 | 0 | 0 | 55 | 69 | 88.40 | 3 | 5 | 0.00 | 0.00 |
| Social Science | 1 | 3 | 0 | 1 | 45 | 69 | 100.75 | 1 | 4 | 0.00 | 0.00 |
| History - Other | 0 | 4 | 0 | 1 | 40 | 73 | 105.50 | 0 | 4 | 0.00 | 0.00 |
| History - European | 1 | 2 | 0 | 1 | 35 | 62 | 79.00 | 1 | 3 | 0.00 | 0.00 |
| History - World | 0 | 3 | 0 | 0 | 30 | 61 | 75.00 | 1 | 3 | 0.00 | 0.00 |
| Fine Arts - Other | 0 | 2 | 0 | 0 | 20 | 85 | 89.50 | 1 | 2 | 0.00 | 0.00 |
| Literature - British | 0 | 2 | 0 | 0 | 20 | 73 | 84.00 | 2 | 2 | 0.00 | 0.00 |
| Religion | 0 | 2 | 0 | 1 | 20 | 101 | 118.00 | 1 | 2 | 0.00 | 0.00 |
| Pop Culture | 1 | 0 | 0 | 0 | 15 | 66 | 66.00 | 1 | 1 | 0.00 | 0.00 |
| Other Academic | 0 | 1 | 0 | 0 | 10 | 109 | 109.00 | 0 | 1 | 0.00 | 0.00 |
| Philosophy | 0 | 1 | 0 | 0 | 10 | 115 | 115.00 | 1 | 1 | 0.00 | 0.00 |
| Geography | 0 | 1 | 0 | 1 | 10 | 129 | 129.00 | 0 | 1 | 0.00 | 0.00 |
| Science - Other | 0 | 1 | 0 | 0 | 10 | 92 | 92.00 | 0 | 1 | 0.00 | 0.00 |
| Mythology | 0 | 1 | 0 | 0 | 10 | 96 | 96.00 | 0 | 1 | 0.00 | 0.00 |